[Event "RUS-ch"]
[Site "Elista"]
[Date "1994.??.??"]
[Round "3"]
[White "Orlov, Vassily"]
[Black "Poluljahov, Aleksandr"]
[Result "1-0"]
[WhiteElo "2350"]
[BlackElo "2485"]

1.e4 c5 2.Nf3 Nc6 3.d4 cxd4 4.Nxd4 Qc7 5.Nc3 e6 6.Be2 a6 7.O-O Nf6 8.Be3 Be7
9.f4 d6 10.Qe1 O-O 11.Qg3 Nxd4 12.Bxd4 b5 13.a3 Bb7 14.Rae1 d5 15.e5 Bc5
16.Rd1 Nd7 17.Qf2 Rac8 18.Bd3 f6 19.exf6 gxf6 20.Ne2 Qb6 21.c3 Kh8 22.Kh1 Rf7
23.Qh4 Bxd4 24.cxd4 b4 25.Rf3 bxa3 26.bxa3 f5 27.Rb1 Qc7 28.Re3 Re8 29.Ng1 Nf6
30.Nf3 Ne4 31.Ne5 Rg7 32.Bxe4 dxe4 33.Qf6 Qe7 34.Qxe7 Rgxe7 35.Reb3 Bd5 36.Rb6 Rc8
37.Rb8 Rxb8 38.Rxb8+ Kg7 39.Kg1 Rc7 40.Rb2 a5 41.a4 e3 42.Kf1 Rc3 43.Ke2 Ra3
44.Rc2 Bxg2 45.Rc7+ Kh6 46.Nf7+ Kh5 47.Ne5 Kh6 48.Nf7+ Kh5 49.Ne5 Bh3 50.Rxh7+  1-0

[Event "Sas van Gent"]
[Site "Gent"]
[Date "1994.??.??"]
[Round "8"]
[White "Hendriks, Willy"]
[Black "Ilic, Zoran"]
[Result "1/2-1/2"]
[WhiteElo "2370"]
[BlackElo "2390"]

1.e4 c5 2.Nf3 Nc6 3.d4 cxd4 4.Nxd4 Qb6 5.Nb5 a6 6.Be3 Qd8 7.N5c3 e6 8.Be2 b5
9.f4 Bb7 10.O-O Be7 11.Bf3 d6 12.Nd2 Nf6 13.Qe1 O-O 14.Qg3 Kh8 15.Qh3 Rc8
16.g4 d5 17.e5 d4 18.exf6 Bxf6 19.g5 Be7 20.Be4 g6 21.Bf2 dxc3 22.Qxc3+ Kg8
23.Rad1 Qc7 24.Qf3 e5 25.Be3 exf4 26.Bxf4 Qb6+ 27.Kh1 Rcd8 28.c3 Na5 29.Be3 Qc7
30.Bxb7 Nxb7 31.Ne4 Rxd1 32.Rxd1 Nd8 33.Bf4 Qc8 34.Bd6 Bxd6 35.Rxd6 Ne6 36.Qe3 Rd8
37.Nf6+ Kh8 38.Qe5 Rxd6 39.Ng4+ Ng7 40.Qxd6 Qe8 41.Qd4 Qe7 42.h4 Kg8 43.Nf6+ Kh8
44.Ne4 Kg8 45.Kg1 Nh5 46.Kf2 h6 47.Qe3 hxg5 48.hxg5 Qe6 49.b3 Kg7 50.Ke1 Qf5
51.Kd2 Qe6 52.Qd4+ Kf8 53.Kc2 Qh3 54.Qd6+ Kg7 55.Qe5+ Kg8 56.Qe8+ Kg7 57.Qe5+ Kg8
58.Kb2 Qf5 59.Qd4 Qf1 60.a4 bxa4 61.Qxa4 Nf4 62.Qe8+ Kg7 63.Qe5+ Kf8 64.Qh8+ Ke7
65.Qf6+ Kf8 66.Qh8+ Ke7 67.Qf6+ Kf8 68.Qd8+ Kg7 69.Qd4+ Kf8 70.Qd8+ Kg7 71.Qd4+ Kf8
72.b4 Nd3+ 73.Kb3 Qe2 74.Qh8+  1/2-1/2

[Event "NRW-Liga II 9394"]
[Site "Germany"]
[Date "1994.??.??"]
[Round "?"]
[White "Hoehn, Jan"]
[Black "Beilfuss, Wilfried"]
[Result "0-1"]
[WhiteElo "2210"]
[BlackElo "2265"]

1.e4 c5 2.Nf3 Nc6 3.d4 cxd4 4.Nxd4 Qb6 5.Nb3 Nf6 6.Nc3 e6 7.Bd3 a6 8.a4 Qc7
9.Be3 b6 10.f4 d6 11.O-O Be7 12.g4 Nd7 13.g5 O-O 14.Qh5 g6 15.Qh6 Re8 16.Rf3 Bf8
17.Qh4 Qd8 18.Rh3 h5 19.Ne2 Nb4 20.f5 exf5 21.exf5 Nxd3 22.fxg6 fxg6 23.cxd3 Nc5
24.Nxc5 dxc5 25.Rf3 Bg4  0-1

[Event "Groningen op"]
[Site "Groningen"]
[Date "1994.??.??"]
[Round "1"]
[White "De Jong, Migchiel"]
[Black "Kogan, Artur"]
[Result "0-1"]
[WhiteElo "2275"]
[BlackElo "2470"]

1.e4 c5 2.Nf3 Nc6 3.d4 cxd4 4.Nxd4 Qc7 5.Nb5 Qb8 6.c4 Nf6 7.N5c3 b6 8.Be2 Bb7
9.O-O e6 10.Be3 Be7 11.f4 d6 12.Na3 O-O 13.Bf3 Re8 14.Nc2 Bf8 15.Qd2 Na5
16.b3 Bc6 17.Nd4 Bb7 18.Rad1 a6 19.Qf2 Nd7 20.Bg4 Nc6 21.f5 e5 22.Nde2 b5
23.Nd5 f6 24.cxb5 axb5 25.Nec3 b4 26.Na4 Ne7 27.Ndb6 Nxb6 28.Nxb6 Ra5 29.Nc4 Ra6
30.Bf3 d5 31.exd5 Nxf5 32.Be4 Nxe3 33.Qxe3 Qa7 34.Qxa7 Rxa7 35.Rd2 Bc5+ 36.Kh1 Rea8
37.Bf5 Rxa2 38.Be6+ Kh8 39.Rxa2 Rxa2 40.h3 Rc2 41.Ra1 h5 42.h4 Re2 43.Na5 Ba6
44.Nc6 Bd3 45.Rd1 Be4 46.Bh3 Re3 47.Kh2 Rxb3 48.d6 Bxc6 49.d7 Bxd7 50.Rxd7 Ra3
51.Rd8+ Kh7 52.Bf5+ g6 53.Rd7+ Kh6  0-1

[Event "Groningen op"]
[Site "Groningen"]
[Date "1994.??.??"]
[Round "7"]
[White "Vehi Bach, Victor Manuel"]
[Black "Tregubov, Pavel V"]
[Result "0-1"]
[WhiteElo "2455"]
[BlackElo "2545"]

1.e4 c5 2.Nf3 Nc6 3.d4 cxd4 4.Nxd4 Qc7 5.Nc3 e6 6.Be2 a6 7.O-O Nf6 8.Kh1 Nxd4
9.Qxd4 Bc5 10.Qd3 h5 11.Qh3 Bd4 12.Qh4 b5 13.Bf4 Qc5 14.Rad1 Bb7 15.f3 Rg8
16.Qg5 Qxg5 17.Bxg5 Bxc3 18.bxc3 d5 19.Bxf6 gxf6 20.Rd4 Rc8 21.exd5 Bxd5
22.a4 Rxc3 23.Bd3 Bc4 24.axb5 Bxd3 25.cxd3 axb5 26.Ra1 Kf8 27.h4 Kg7 28.Ra7 Kg6
29.Rb7 Rb3 30.Rdd7 Rg7 31.Kh2 Rb2 32.Kh3 f5 33.d4 Kf6 34.g3 Rb3 35.Kg2 f4
36.g4 hxg4 37.fxg4 Rxg4+ 38.Kf2 Kf5 39.Rdc7 Ke4 40.Rc2 Rxh4  0-1

[Event "Havana op"]
[Site "Havana"]
[Date "1994.??.??"]
[Round "8"]
[White "Yeo, Michael J"]
[Black "Mendez, Ernesto"]
[Result "0-1"]
[WhiteElo "2225"]
[BlackElo "2405"]

1.e4 c5 2.Nf3 Nc6 3.d4 cxd4 4.Nxd4 Qb6 5.Nb5 Nf6 6.Be3 Qd8 7.Nd2 a6 8.Nc4 axb5
9.Bb6 bxc4 10.Bxd8 Kxd8 11.Bxc4 Nxe4 12.Bxf7 e6 13.Bxe6 Bc5 14.Qg4 Nxf2 15.Qg5+ Kc7
16.Qxc5 Nxh1 17.O-O-O dxe6 18.Qd6+ Kb6 19.b4 Rxa2 20.Qc5+ Kc7 21.Qd6+ Kb6
22.Qc5+ Kc7 23.Kb1 Ra4 24.Qd6+ Kb6 25.Qc5+ Kc7 26.b5 Nf2 27.Qd6+ Kb6 28.bxc6 Nxd1
29.c7+ Ka7 30.Qxd1 Rf8 31.Qd8 Raf4 32.c4 Rf2 33.c5 e5 34.c6 bxc6 35.Qe7 e4
36.Qb4 Ba6 37.Qxe4 Kb7 38.c8=Q+ Rxc8 39.Qb4+ Bb5 40.Qe7+ Rc7  0-1

[Event "EU-ch U16"]
[Site "Herculane"]
[Date "1994.??.??"]
[Round "6"]
[White "Grigore, Nicolae Petre"]
[Black "Tzoumbas, Anastasios"]
[Result "1/2-1/2"]
[WhiteElo "2185"]
[BlackElo "2290"]

1.e4 c5 2.Nf3 Nc6 3.d4 cxd4 4.Nxd4 Qb6 5.Nb3 Nf6 6.Nc3 e6 7.Be3 Qc7 8.a3 a6
9.Bd3 d6 10.O-O Be7 11.f4 O-O 12.Qf3 Rb8 13.g4 b5 14.g5 Nd7 15.Ne2 Re8 16.Qh5 g6
17.Qf3 Bf8 18.Ned4 Ne7 19.h4 Bb7 20.h5 e5 21.Ne2 d5 22.Ng3 dxe4 23.Bxe4 Bxe4
24.Qxe4 Rbc8 25.Rf2 exf4 26.Bxf4 Qb6 27.Qf3 Nc6 28.hxg6 hxg6 29.Ne4 Bg7 30.Nd6 Nce5
31.Qd1 Rc4 32.Nxc4 bxc4 33.Nd2 Qxb2 34.Rb1 Qd4 35.Nf1 Qc3 36.Ne3 Qxa3 37.Nxc4 Qc5
38.Ne3 Nb6 39.Bxe5 Bxe5 40.Qf3 Rf8 41.Ng4 Bd4 42.Nf6+ Kg7 43.Ne8+  1/2-1/2

[Event "HUN-chT2 9394"]
[Site "?"]
[Date "1994.??.??"]
[Round "?"]
[White "Tomcsanyi, Peter"]
[Black "Farkas, Gyula"]
[Result "1/2-1/2"]
[WhiteElo "2290"]
[BlackElo "2205"]

1.e4 c5 2.Nf3 Nc6 3.d4 cxd4 4.Nxd4 Qb6 5.Nb3 Nf6 6.Nc3 e6 7.g3 Bb4 8.Bg2 O-O
9.Bg5 Be7 10.O-O a6 11.a4 Qc7 12.Qe2 h6 13.Bf4 d6 14.a5 e5 15.Be3 Bg4 16.f3 Be6
17.Bb6 Qc8 18.Rfd1 Re8 19.Nd5 Bxd5 20.exd5 Nb8 21.c4 Nbd7 22.Bf2 Qc7 23.Qd3 Bf8
24.Nd2 b6 25.axb6 Nxb6 26.Ra3 a5 27.b3 Nfd7 28.Bf1 Nc5 29.Qb1 Nbd7 30.Qa2 Reb8
31.Ra1 Rb4 32.Rxa5 Rxa5 33.Qxa5 Qxa5 34.Rxa5 Nxb3 35.Nxb3 Rxb3 36.Kg2 Rb2
37.Kg1 g6 38.Ra7 Nc5 39.Bxc5 dxc5 40.g4  1/2-1/2

[Event "HUN-chT2 9394"]
[Site "?"]
[Date "1994.??.??"]
[Round "?"]
[White "Hajdu, Istvan"]
[Black "Taskovits, Istvan"]
[Result "0-1"]
[WhiteElo "2180"]
[BlackElo "2220"]

1.e4 c5 2.Nf3 Nc6 3.d4 cxd4 4.Nxd4 Qb6 5.Nb3 Nf6 6.Nc3 e6 7.Be3 Qc7 8.a3 a6
9.Be2 b5 10.O-O Be7 11.f4 d6 12.Bf3 Bb7 13.Qe1 Nd7 14.Qf2 Rc8 15.Rad1 O-O
16.Rd2 Ba8 17.Rfd1 Rfd8 18.Ne2 Rb8 19.Nbd4 Nxd4 20.Bxd4 e5 21.Ba7 Rbc8 22.Be3 Nc5
23.Nc3 d5 24.Nxd5 Bxd5 25.Rxd5 Rxd5 26.Rxd5 exf4 27.Bd4 Ne6 28.Bb6 Qxc2 29.Qxc2 Rxc2
30.Rd7 Bh4 31.b4 Rc3 32.g3 fxg3 33.hxg3 Bxg3 34.Kg2 Bh4 35.Ra7 g5 36.Ra8+ Kg7
37.Bd1 Rxa3 38.Ra7 Rd3  0-1

[Event "HUN-chT2 9394"]
[Site "?"]
[Date "1994.??.??"]
[Round "?"]
[White "Papp, Laszlo"]
[Black "Farkas, Gyula"]
[Result "1-0"]
[WhiteElo "2220"]
[BlackElo "2205"]

1.e4 c5 2.Nf3 Nc6 3.d4 cxd4 4.Nxd4 Qb6 5.Nb5 a6 6.Be3 Qa5+ 7.N5c3 Nf6 8.Nd2 b5
9.a4 b4 10.Nc4 Qc7 11.Nd5 Nxd5 12.exd5 Ne5 13.Qd4 Nxc4 14.Bxc4 e5 15.dxe6 dxe6
16.Rd1 Bb7 17.O-O Qc6 18.f3 Rc8 19.Kh1 Rg8 20.Bg5 Be7 21.Bxe7 Kxe7 22.Bd3 Qc5
23.Bxh7 Rh8 24.Qxc5+ Rxc5 25.Bd3 a5 26.Kg1 Bc6 27.b3 g5 28.h3 Bd5 29.Rfe1 Kf6
30.Kf2 Rhc8 31.Rd2 Rc3 32.Kg3 R8c5 33.f4 Bc6 34.Rf2 Kg7 35.fxg5 Rxg5+ 36.Kf4 Rgc5
37.g4 Bd5 38.Ke3 Bxb3 39.Ref1 Re5+ 40.Kd2 Bxa4 41.Rxf7+ Kg8 42.Rf8+ Kg7 43.R1f7+ Kh6
44.Rh8+  1-0

[Event "JUG-chT"]
[Site "Igalo"]
[Date "1994.??.??"]
[Round "?"]
[White "Dabetic, Radojica"]
[Black "Knezevic, Bojan"]
[Result "0-1"]
[WhiteElo "2325"]
[BlackElo "2385"]

1.e4 c5 2.Nf3 Nc6 3.d4 cxd4 4.Nxd4 Qb6 5.Nb3 Nf6 6.Nc3 e6 7.Be3 Qc7 8.Bd3 a6
9.f4 d6 10.O-O Be7 11.Qf3 O-O 12.Rae1 Nb4 13.g4 b5 14.g5 Nd7 15.Qh5 Nxd3
16.cxd3 b4 17.Nd1 f5 18.Nf2 g6 19.Qe2 Qb7 20.Rc1 a5 21.Qc2 a4 22.Nd2 Nc5
23.Nc4 b3 24.axb3 Nxb3 25.Rcd1 Ra6 26.Qb1 Bd7 27.Nd2 Rc6 28.Nxb3 Qxb3 29.Rc1 Rfc8
30.Rxc6 Rxc6 31.Rc1 fxe4 32.Rxc6 Bxc6 33.Qd1 Qb7 34.dxe4 Bxe4 35.Qd4 Bd5
36.Qxa4 Qxb2 37.h4 Qe2 38.Qd4 Qe1+ 39.Kh2 Qf1 40.Ne4 Qf3  0-1

[Event "JUG-chT"]
[Site "Igalo"]
[Date "1994.??.??"]
[Round "?"]
[White "Micic, Cedomir"]
[Black "Knezevic, Bojan"]
[Result "1/2-1/2"]
[WhiteElo "2325"]
[BlackElo "2385"]

1.e4 c5 2.Nf3 Nc6 3.d4 cxd4 4.Nxd4 Qb6 5.Nb5 a6 6.Be3 Qd8 7.Nd4 Nf6 8.Nc3 e5
9.Nf5 d5 10.exd5 Nb4 11.Ng3 Nfxd5 12.Nxd5 Qxd5 13.Qxd5 Nxd5 14.Bc4 Be6 15.Bb3 Be7
16.Nf5 Nxe3 17.Nxg7+ Kd7 18.fxe3 Rhg8 19.Nxe6 fxe6 20.Rd1+ Bd6 21.g3 Ke7
22.Ke2 Raf8 23.Rhf1 Rxf1 24.Rxf1 h5 25.Rg1 e4 26.c3 h4 27.Bc2 hxg3 28.hxg3 Rxg3
29.Rxg3 Bxg3 30.Bxe4 b6 31.Bb7 a5 32.Bc8 Kd6 33.Kd3 Bf2 34.a4 e5 35.b4 axb4
36.cxb4 Be1 37.Kc4 Bd2 38.e4 Be3  1/2-1/2

[Event "JUG-chT"]
[Site "Igalo"]
[Date "1994.??.??"]
[Round "?"]
[White "Vukovic, Zdravko"]
[Black "Matulovic, Milan"]
[Result "1/2-1/2"]
[WhiteElo "2445"]
[BlackElo "2450"]

1.e4 c5 2.Nf3 Nc6 3.d4 cxd4 4.Nxd4 Qc7 5.Be2 Nf6 6.Nc3 e6 7.O-O a6 8.Kh1 Nxd4
9.Qxd4 Bc5 10.Qd2 Be7 11.f4 d6 12.Bd3 b5 13.Qe2 Bb7 14.a3 O-O 15.Bd2 Rad8
16.Rae1 e5 17.Nd5 Nxd5 18.exd5 Bxd5 19.Bxh7+ Kxh7 20.Qd3+ e4 21.Qxd5 f5 22.Re3 Qc4
23.Rh3+ Kg6 24.Rg3+ Kh7 25.Rh3+  1/2-1/2

[Event "JUG-chT"]
[Site "Igalo"]
[Date "1994.??.??"]
[Round "?"]
[White "Pavlovic, Milos"]
[Black "Cabrilo, Goran"]
[Result "1/2-1/2"]
[WhiteElo "2235"]
[BlackElo "2470"]

1.e4 c5 2.Nf3 Nc6 3.d4 cxd4 4.Nxd4 Qc7 5.Nc3 e6 6.g3 a6 7.Bg2 Nf6 8.O-O h6
9.Nb3 d6 10.a4 b6 11.Be3 Rb8 12.Qe2 Be7 13.f4 Na5 14.Nd4 O-O 15.Rad1 Bb7
16.Kh1 Qc4 17.Rd3 Nc6 18.Nxc6 Qxc6 19.g4 d5 20.e5 Ne4 21.f5 Rfd8 22.f6 Bf8
23.fxg7 Bxg7 24.g5 hxg5 25.Qh5 Qe8 26.Bxe4 dxe4 27.Rxd8 Rxd8 28.Qxg5 Qf8
29.Rg1 Rd2 30.Rg3 Rxc2 31.Kg1 Rxb2 32.Qf6 Kh7 33.Rh3+ Kg8 34.Rg3 Kh7 35.Rh3+  1/2-1/2

[Event "JUG-chT"]
[Site "Igalo"]
[Date "1994.??.??"]
[Round "?"]
[White "Ivanovic, Bozidar"]
[Black "Poluljahov, Aleksandr"]
[Result "0-1"]
[WhiteElo "2515"]
[BlackElo "2485"]

1.e4 c5 2.Nf3 Nc6 3.d4 cxd4 4.Nxd4 Qc7 5.Nc3 e6 6.Be2 a6 7.O-O Nf6 8.Kh1 d6
9.f4 Be7 10.Be3 O-O 11.Qe1 Na5 12.Rd1 Nc4 13.Bc1 b5 14.a3 Bb7 15.b3 Nb6 16.Bf3 Rfe8
17.Bb2 Bf8 18.e5 dxe5 19.fxe5 Nfd5 20.Ne4 Qxe5 21.Qf2 Qf4 22.Ne2 Qc7 23.Ng5 f6
24.Nxh7 Kxh7 25.Rd4 f5 26.Rh4+ Kg8 27.Bh5 Nd7 28.Bg6 N7f6 29.Nd4 Bc5 30.c4 bxc4
31.bxc4 Ne7 32.Bxe8 Bxd4 33.Bxd4 Nxe8 34.Re1 Ng6  0-1

[Event "Jakarta"]
[Site "Jakarta"]
[Date "1994.??.??"]
[Round "7"]
[White "Liu Dede"]
[Black "Hracek, Zbynek"]
[Result "0-1"]
[WhiteElo "2320"]
[BlackElo "2510"]

1.e4 c5 2.Nf3 Nc6 3.d4 cxd4 4.Nxd4 Qc7 5.Be3 Nf6 6.Nc3 e6 7.a3 a6 8.f4 d6
9.Bd3 Be7 10.O-O Nxd4 11.Bxd4 e5 12.Be3 b5 13.Qf3 Bb7 14.Rad1 O-O 15.g4 exf4
16.Bxf4 Nd7 17.Nd5 Bxd5 18.exd5 Bf6 19.c3 g6 20.Rde1 Ne5 21.Bxe5 Bxe5 22.Kh1 Qe7
23.Qg2 Qg5 24.c4 bxc4 25.Bxc4 Rfc8 26.b3 Rc7 27.Qf3 Kg7 28.Re2 a5 29.Bb5 Rf8
30.Bc4 a4 31.Rg2 Rb8 32.Rc2 Qh4 33.Rff2 Bd4 34.Rfd2 axb3 35.Bxb3 Rxc2 36.Rxc2 Qe1+
37.Kg2 Re8 38.Qf1 Qe4+ 39.Qf3 Qxf3+ 40.Kxf3 Re3+  0-1

[Event "JUG-chT2"]
[Site "?"]
[Date "1994.??.??"]
[Round "1"]
[White "Zlatanovic, Zoran"]
[Black "Zivanic, Slobodan"]
[Result "1/2-1/2"]
[WhiteElo "2280"]
[BlackElo "2270"]

1.e4 c5 2.Nf3 Nc6 3.d4 cxd4 4.Nxd4 Qc7 5.Nc3 e6 6.g3 a6 7.Bg2 Nf6 8.O-O Nxd4
9.Qxd4 Bc5 10.Bf4 d6 11.Qd2 h6 12.Rad1 e5 13.Be3 Bg4 14.Bxc5 dxc5 15.f3 Be6
16.f4 O-O 17.Qd6 Qa5 18.Qd2 Qc7 19.f5 Bc4 20.Rfe1 Rad8 21.Qe3 a5 22.Bf3 Rd4
23.b3 Ba6 24.Nd5 Nxd5 25.exd5 f6 26.c3 Rxd1 27.Rxd1 Rd8 28.c4 b6 29.Bh5 Bc8
30.Bg6 Kf8 31.g4 Ke7 32.h4 Kd6 33.Rd2 Qe7 34.a3 Kc7 35.Rb2 Ba6 36.a4 Bc8
37.Kf2 Rf8 38.Rd2 Kd6 39.Kf3 Bd7 40.Ke4 Be8  1/2-1/2

[Event "JUG-chT2"]
[Site "?"]
[Date "1994.??.??"]
[Round "7"]
[White "Sljukic, Miodrag"]
[Black "Spasojevic, Zoran"]
[Result "1-0"]
[WhiteElo "2185"]
[BlackElo "2290"]

1.e4 c5 2.Nf3 Nc6 3.d4 cxd4 4.Nxd4 Qc7 5.Nc3 e6 6.g3 a6 7.Bg2 Nf6 8.O-O Be7
9.a4 O-O 10.Nb3 b6 11.f4 d6 12.Be3 Rb8 13.Qe2 Na5 14.Nd2 Re8 15.g4 d5 16.g5 Nxe4
17.Ncxe4 dxe4 18.c3 Bc5 19.b4 Bxe3+ 20.Qxe3 Nc4 21.Nxc4 Qxc4 22.Bxe4 Bb7
23.Bxb7 Rxb7 24.Rfd1 Qc6 25.a5 b5 26.Qd4 Rc7 27.Rd3 Rcc8 28.Rad1 h6 29.Qe5 hxg5
30.Qxg5 Qe4 31.Rg3 g6 32.Qh6 Qf5 33.Rh3 Qf6 34.Qh7+ Kf8 35.Rd7 Qg7 36.Qh8+ Qg8
37.Qf6  1-0

[Event "JUG-chT2"]
[Site "?"]
[Date "1994.??.??"]
[Round "9"]
[White "Perosevic, Aleksandar"]
[Black "Spasojevic, Zoran"]
[Result "1-0"]
[WhiteElo "2335"]
[BlackElo "2290"]

1.e4 c5 2.Nf3 Nc6 3.d4 cxd4 4.Nxd4 Qc7 5.Nc3 e6 6.Be2 a6 7.O-O Nf6 8.Kh1 d6
9.a4 Be7 10.f4 O-O 11.Be3 Nxd4 12.Bxd4 e5 13.Be3 exf4 14.Bxf4 Be6 15.Qe1 Nd7
16.Nd5 Bxd5 17.exd5 Bf6 18.Qg3 Be5 19.Bd3 Rae8 20.Qh3 g6 21.Bh6 Bg7 22.Bxg7 Kxg7
23.Rf4 Re5 24.Raf1 Nc5 25.Bxg6 hxg6 26.Rh4 Rh5 27.Rxh5 gxh5 28.Qg3+  1-0

[Event "JUG-chT"]
[Site "JUG"]
[Date "1994.??.??"]
[Round "1"]
[White "Djuric, Petar"]
[Black "Miladinovic, Igor"]
[Result "1/2-1/2"]
[WhiteElo "2205"]
[BlackElo "2480"]

1.e4 c5 2.Nf3 Nc6 3.d4 cxd4 4.Nxd4 Qc7 5.Nc3 e6 6.Be2 Nf6 7.O-O a6 8.Be3 Bb4
9.Na4 Be7 10.Nxc6 bxc6 11.Nb6 Rb8 12.Nxc8 Qxc8 13.e5 Nd5 14.Bc1 Bc5 15.Qd3 O-O
16.c4 Ne7 17.b3 Qc7 18.Bb2 d6 19.Qc3 dxe5 20.Qxe5 Qxe5 21.Bxe5 Rb7 22.Rfd1 Rc8
23.Rd3 Ng6 24.Bd6 Bxd6 25.Rxd6 Kf8 26.Bd3 Ne5 27.Bc2 Ke7 28.Rad1 g5 29.f3 h5
30.Kf2 a5 31.R6d2 a4  1/2-1/2

[Event "JUG-chT"]
[Site "JUG"]
[Date "1994.??.??"]
[Round "5"]
[White "Zlatic, Mihajlo"]
[Black "Miladinovic, Igor"]
[Result "0-1"]
[WhiteElo "2265"]
[BlackElo "2480"]

1.e4 c5 2.Nf3 Nc6 3.d4 cxd4 4.Nxd4 Qc7 5.Nc3 e6 6.g3 a6 7.Bg2 Nf6 8.O-O Bc5
9.Nxc6 dxc6 10.Qe2 e5 11.Be3 Bg4 12.f3 Qb6 13.Bxc5 Qxc5+ 14.Qf2 Qxf2+ 15.Rxf2 Be6
16.Rd2 g5 17.Kf2 Ke7 18.Rad1 a5 19.Ke3 a4 20.Bf1 h5 21.Be2 h4 22.g4 Ra5 23.Bf1 Rb8
24.Be2 Ne8 25.Bf1 b5 26.b3 axb3 27.cxb3 Rba8 28.Rc1 Nc7 29.Bd3 Na6 30.Bb1 Ra3
31.Ke2 Nb4 32.Ke3 R8a7 33.Rb2 R7a5 34.Rd2 f6 35.Ke2 c5 36.Nd5+ Bxd5 37.exd5 Kd6
38.Ke3 Nxa2 39.Bxa2 Rxa2 40.Rcd1 R5a3 41.Rxa2 Rxa2 42.Ke4 h3 43.Kf5 Rxh2
44.Kxf6 Rg2 45.Kxg5 h2 46.Rh1 c4 47.bxc4 bxc4 48.Kh4 c3 49.Kh3 Rd2 50.g5 Kxd5
51.g6 Ke6  0-1

[Event "JUG-chT"]
[Site "JUG"]
[Date "1994.??.??"]
[Round "7"]
[White "Jovicevic, Bozidar"]
[Black "Miladinovic, Igor"]
[Result "0-1"]
[WhiteElo "2300"]
[BlackElo "2480"]

1.e4 c5 2.Nf3 Nc6 3.d4 cxd4 4.Nxd4 Qc7 5.Nc3 e6 6.Be2 a6 7.O-O Nf6 8.Be3 Bb4
9.Na4 Be7 10.Nxc6 bxc6 11.Nb6 Rb8 12.Nxc8 Qxc8 13.e5 Nd5 14.Bc1 Bc5 15.c4 Ne7
16.b3 Qc7 17.Bb2 d6 18.exd6 Bxd6 19.Qd4 c5 20.Qe4 Ng6 21.g3 Be5 22.Bxe5 Qxe5
23.Qc6+ Ke7 24.Bd3 Qd6 25.Qxd6+ Kxd6 26.Rad1 Kc7 27.Bxg6 hxg6 28.Rd3 Rbd8
29.Rfd1 Rxd3 30.Rxd3 g5 31.Kg2 a5 32.h3 f6 33.g4 Ra8 34.Kg3 a4  0-1

[Event "Karditsa"]
[Site "Karditsa"]
[Date "1994.??.??"]
[Round "6"]
[White "Pandavos, Panayotis"]
[Black "Grivas, Efstratios"]
[Result "1-0"]
[WhiteElo "2380"]
[BlackElo "2505"]

1.e4 c5 2.Nf3 Nc6 3.d4 cxd4 4.Nxd4 Qb6 5.Nb3 Nf6 6.Nc3 e6 7.a3 d6 8.Be2 a6
9.O-O Be7 10.Be3 Qc7 11.f4 O-O 12.Bf3 b5 13.g4 Rb8 14.g5 Nd7 15.Bg2 Re8 16.Rf3 b4
17.axb4 Nxb4 18.Rh3 g6 19.Qe2 Bf8 20.Qf2 Bg7 21.Rd1 Nb6 22.e5 dxe5 23.Qh4 Nd7
24.Qxh7+ Kf8 25.Ne4 Nd5 26.fxe5 Nxe3 27.Nf6 Ke7 28.Rxe3 Qxc2 29.Red3 Nxe5
30.Nd4 Qc5 31.Rc3 Qb6 32.Qxg7 Rf8 33.Nh7  1-0

[Event "Kecskemet"]
[Site "Kecskemet"]
[Date "1994.??.??"]
[Round "?"]
[White "Bjerring, Kai"]
[Black "Kogan, Artur"]
[Result "0-1"]
[WhiteElo "2395"]
[BlackElo "2470"]

1.e4 c5 2.Nf3 Nc6 3.d4 cxd4 4.Nxd4 Qc7 5.Nc3 e6 6.g3 a6 7.Bg2 Nf6 8.O-O Nxd4
9.Qxd4 Bc5 10.Bf4 d6 11.Qd2 h6 12.Rad1 e5 13.Be3 Ke7 14.h3 Be6 15.Bxc5 Qxc5
16.Na4 Qc6 17.b3 b5 18.Nb2 Rhd8 19.Rfe1 a5 20.c4 b4 21.f4 Ne8 22.Kh2 f6 23.Nd3 Nc7
24.g4 g5 25.fxg5 hxg5 26.Qf2 Rh8 27.Kg1 Na6 28.Re3 Qb6 29.Nb2 Nc5 30.Nd3 Nb7
31.Re2 Qc7 32.Rc2 Nc5 33.Rcd2 Ra6 34.Nxc5 Qxc5 35.Qxc5 dxc5 36.Kf2 a4 37.Ke3 Rha8
38.Rb2 axb3 39.axb3 Ra2 40.Rdd2 Ra1 41.Ke2 Rg1 42.Kf2 Raa1 43.Ke3 Rgb1 44.Kd3 Re1
45.Ra2 Rac1 46.Rac2 Ra1 47.Ra2 Rab1 48.Rab2 Rbc1 49.Rbc2 Bf7 50.Rxc1 Rxc1
51.Rb2 Rc3+ 52.Ke2 Rxb3  0-1

[Event "Kecskemet"]
[Site "Kecskemet"]
[Date "1994.??.??"]
[Round "?"]
[White "Groszpeter, Attila"]
[Black "Csom, Istvan"]
[Result "1/2-1/2"]
[WhiteElo "2520"]
[BlackElo "2405"]

1.e4 c5 2.Nf3 Nc6 3.d4 cxd4 4.Nxd4 Qc7 5.Nb5 Qb8 6.c4 Nf6 7.N5c3 e6 8.f4 d6
9.Be2 Be7 10.O-O O-O 11.Be3 b6 12.Nd2 Bb7 13.a3 Re8 14.b4 Bf8 15.Nb3 Ne7
16.Qc2 Rc8  1/2-1/2

[Event "JUG-ch sf"]
[Site "Kladovo"]
[Date "1994.??.??"]
[Round "?"]
[White "Marinkovic, Ivan"]
[Black "Djukic, Zeljko"]
[Result "1/2-1/2"]
[WhiteElo "2445"]
[BlackElo "2360"]

1.e4 c5 2.Nf3 Nc6 3.d4 cxd4 4.Nxd4 Qb6 5.Nb3 Nf6 6.Nc3 e6 7.Bd3 Be7 8.O-O d6
9.Kh1 a6 10.f4 Qc7 11.Qf3 O-O 12.Bd2 b5 13.Rae1 Bb7 14.Qg3 b4 15.Nd1 a5 16.Nf2 e5
17.f5 Rfd8 18.Bh6 Bf8 19.Bg5 Be7 20.Bxf6 Bxf6 21.Ng4 Kf8 22.Nd2 Ke7 23.Nc4 Nb8
24.Nce3 Nd7 25.Bc4 Nb6 26.Bd3 h5 27.Nf2 Bc6 28.b3 Qb7 29.Qf3 h4 30.Rd1 Rac8
31.Rfe1 Rc7 32.Nfg4 Rcc8 33.Re2 Rh8 34.h3 Rhd8 35.Qf2 Rh8 36.Qf3 Rcd8 37.Nc4 Nxc4
38.Bxc4 Qc7 39.Ne3 Qb6 40.Red2 Qc7 41.Qg4 Qa7 42.Nd5+ Bxd5 43.Rxd5 Rd7 44.Bb5 Rdd8
45.Ba4 Rh6 46.R1d3 Qc7 47.Qe2 Bg5 48.Bb5 Bf4 49.Bc4 g5 50.Kg1 Ra8 51.Rb5 Rb8
52.Rbd5 Ra8 53.Kf1 Rb8 54.Qf2 Rb7 55.Ke2 Rb8 56.Kd1 Rf6 57.Qg1  1/2-1/2

[Event "JUG-ch sf"]
[Site "Kladovo"]
[Date "1994.??.??"]
[Round "?"]
[White "Markovic, Zoran S"]
[Black "Zivic, Dragan"]
[Result "1-0"]
[WhiteElo "2395"]
[BlackElo "2280"]

1.e4 c5 2.Nf3 Nc6 3.d4 cxd4 4.Nxd4 Qb6 5.Nb3 Nf6 6.Nc3 e6 7.Bd3 d6 8.O-O a6
9.Be3 Qc7 10.f4 Be7 11.Qf3 O-O 12.Rae1 b5 13.g4 Bb7 14.a4 Nd7 15.Qh3 g6 16.Qh6 Rfe8
17.Rf3 Bf8 18.Qh4 Nb4 19.Rh3 h5 20.Ne2 Bg7 21.Ng3 Nxd3 22.cxd3 Qc2 23.Nxh5 gxh5
24.Qxh5 Rac8 25.f5 Bxe4 26.dxe4 exf5 27.Nd4 Qxe4 28.Qh7+ Kf8 29.Nxf5 Qe5
30.Rf1 Rc4 31.Nh6 Ke7 32.Rxf7+ Kd8 33.Qxg7 Qxg7 34.Rxg7 Rc2 35.Nf7+ Kc7 36.Bf2 Rxb2
37.Rc3+ Nc5 38.Nxd6+ Kxd6 39.Bxc5+ Kd5 40.Rd7+ Kc6 41.Ba3+ Kxd7 42.Bxb2 Re2
43.g5  1-0

[Event "JUG-ch sf"]
[Site "Kladovo"]
[Date "1994.??.??"]
[Round "?"]
[White "Knezevic, Bojan"]
[Black "Zivic, Dragan"]
[Result "1-0"]
[WhiteElo "2385"]
[BlackElo "2280"]

1.e4 c5 2.Nf3 Nc6 3.d4 cxd4 4.Nxd4 Qb6 5.Nb3 Nf6 6.Nc3 e6 7.Bd3 Be7 8.O-O a6
9.Be3 Qc7 10.f4 d6 11.Qf3 O-O 12.g4 b5 13.g5 Nd7 14.Qh5 g6 15.Qh6 f6 16.Nd4 Nc5
17.f5 Ne5 18.fxe6 Nxe6 19.Nd5 Qd8 20.Nxe6 Bxe6 21.Bb6 Qd7 22.gxf6 Bd8 23.Ne7+ Kf7
24.Bd4 Bc4 25.Bxc4+ bxc4 26.Qxh7+ Ke8 27.Bxe5 dxe5 28.Qxg6+ Rf7 29.Rad1 Bb6+
30.Kh1 Bd4 31.c3 Rb8 32.cxd4 exd4 33.Qg8+ Rf8 34.f7+  1-0

[Event "JUG-ch sf"]
[Site "Kladovo"]
[Date "1994.??.??"]
[Round "?"]
[White "Savanovic, Aleksandar"]
[Black "Djukic, Zeljko"]
[Result "0-1"]
[WhiteElo "2335"]
[BlackElo "2360"]

1.e4 c5 2.Nf3 Nc6 3.d4 cxd4 4.Nxd4 Qb6 5.Nb3 Nf6 6.Nc3 e6 7.Be3 Qc7 8.Bd3 d6
9.f4 a6 10.Qf3 Be7 11.O-O O-O 12.Rae1 b5 13.Kh1 Bb7 14.Qh3 b4 15.e5 dxe5
16.fxe5 Nxe5 17.Bf4 Nxd3 18.Bxc7 Nxe1 19.Rxe1 bxc3 20.bxc3 Rac8 21.Be5 Bd5
22.Qd3 Rc4 23.Bd4 Rfc8 24.Nd2 Ra4 25.h3 h6 26.Rb1 Rxa2 27.c4 Bc6 28.Qc3 Ne4
29.Nxe4 Bxe4 30.Qg3 f6 31.Rb8 Rxb8 32.Qxb8+ Kh7 33.Qa7 Bd8 34.Qd7 Rxc2 35.Qxd8 Rxg2
36.h4 e5 37.Qe7 Re2+ 38.Kg1 exd4 39.Qd6 d3  0-1

[Event "JUG-ch sf"]
[Site "Kladovo"]
[Date "1994.??.??"]
[Round "?"]
[White "Damjanovic, Vladimir"]
[Black "Knezevic, Bojan"]
[Result "1/2-1/2"]
[WhiteElo "2380"]
[BlackElo "2385"]

1.e4 c5 2.Nf3 Nc6 3.d4 cxd4 4.Nxd4 Qc7 5.Nc3 e6 6.g3 a6 7.Bg2 Nf6 8.O-O Nxd4
9.Qxd4 Bc5 10.Bf4 d6 11.Qd2 h6 12.Na4 e5 13.Nxc5 dxc5 14.Be3  1/2-1/2

[Event "JUG-ch sf"]
[Site "Kladovo"]
[Date "1994.??.??"]
[Round "?"]
[White "Mitrovic, Petar"]
[Black "Rajkovic, Ljubisa"]
[Result "1-0"]
[WhiteElo "2355"]
[BlackElo "2295"]

1.e4 c5 2.Nf3 Nc6 3.d4 cxd4 4.Nxd4 Qc7 5.Nc3 e6 6.f4 a6 7.Nb3 b5 8.Bd3 Nb4
9.Be2 Bb7 10.a3 Nc6 11.O-O Nge7 12.Be3 Nc8 13.Nc5 Be7 14.Nxb7 Qxb7 15.Rf3 Nb6
16.Bf2 Rd8 17.Bd3 d5 18.Qe2 d4 19.Na2 Na4 20.Rb1 e5 21.Bg3 exf4 22.Bxf4 Nc5
23.Rbf1 Ne6 24.Bg3 O-O 25.e5 Bg5 26.Qe4 g6 27.Nb4 Rc8 28.Nd5 Ncd8 29.h4 Rc5
30.hxg5 Rxd5 31.Qh4 Qe7 32.Rf6 Nc5 33.Bh2 Nxd3 34.cxd3 Rxe5 35.Bxe5 Qxe5
36.Re1 Qd5 37.Qh6 Qc5 38.b4 Qc3 39.Re4 Qxd3 40.Rh4 Qe3+ 41.Rf2 Re8 42.Qxh7+ Kf8
43.Qh8+ Ke7 44.Qf6+ Kd7 45.Rxd4+ Kc7 46.Qd6+ Kb7 47.Qd7+ Kb8 48.Rd3 Qe4 49.Qd6+ Kb7
50.Rf6 Qe1+ 51.Rf1 Qe4 52.Rc1 Ka7 53.Qc5+ Kb8 54.Qc8+  1-0

[Event "JUG-ch sf"]
[Site "Kladovo"]
[Date "1994.??.??"]
[Round "?"]
[White "Mitrovic, Petar"]
[Black "Damljanovic, Branko"]
[Result "0-1"]
[WhiteElo "2355"]
[BlackElo "2560"]

1.e4 c5 2.Nf3 Nc6 3.d4 cxd4 4.Nxd4 Qc7 5.Nc3 e6 6.f4 a6 7.Nb3 b5 8.Be3 d6
9.Bd3 Nf6 10.Qf3 Bb7 11.O-O Be7 12.Qh3 Nb4 13.a3 Nxd3 14.cxd3 O-O 15.Rac1 Qd8
16.Nd4 Rc8 17.b4 Nd7 18.Nb3 Bf6 19.Nb1 Qe7 20.Na5 Ba8 21.Nd2 Bb2 22.Rb1 Bc3
23.Nf3 f5 24.exf5 exf5 25.Bf2 Nf6 26.Nd4 Nd5 27.Qg3 Bd2 28.Rbe1 Bxe1 29.Rxe1 Qf7
30.Nab3 Rfe8 31.Nf3 Rxe1+ 32.Bxe1 Qg6 33.Nfd4 Nxf4  0-1